000 00590nam a2200241Ia 4500
003 OSt
005 20220928115639.0
006 a|||||r|||| 00| 0
007 ta
008 220927b |||||||| |||| 00| 0 eng d
024 _a24864
037 _cTextual
040 _aSDCL
_cSDCL
_beng
041 _2eng
_aeng
082 _aX:8F,9C, M8
100 _aBlake John
_9445343
245 0 _aAccounting standards
250 _a2
260 _aLondon
_bPitman
_c1988
300 _axi,290p
_ccm.
942 _hX:8F,9C, M8
_cTEXL
_2CC
999 _c760305
_d760305